000 01996nam0a2200361 i 4500
001 RU\NLR\BIBL_A\010474537
005 20260407090532.0
010 _a9785918771181
_9135
021 _aRU
_b14-57635
035 _a(NILC)RuMoRGB-007529288
035 _a(NLR Aleph) 010474537
090 _a10037178
_c10037178
100 _a20141009d2013 u y0rusy50 ca
101 0 _arus
102 _aRU
105 _aa|||j|||010yy
200 1 _aОрганизационно-правовые основы деятельности мировой юстиции
_e[учебное пособие для слушателей курсов повышения квалификации]
_fМ-во образования и науки РФ, Федер. гос. бюджет. образоват. учреждение высш. проф. образования "Брян. гос. ун-т им. И. Г. Петровского", Юрид. фак.
_g[под ред. П. Н. Кириченко]
205 _a[4-е изд., испр. и доп.]
210 _aБрянск
_cГруппа компаний "Десяточка"
_d2013
215 _a478 с.
_cил., табл.
_d20
320 _aБиблиогр.: с. 18-24
606 1 _aМировые суды
_jУчебные издания для повышения квалификации
_yРоссийская Федерация
_92370406
_3RU\NLR\AUTH\661414877
610 0 _aмировая юстиция
610 0 _aмировой судья
686 1 _aХ629.011я77
702 1 _4340
_7ca
_8rus
_aКириченко
_bП. Н.
_gПавел Николаевич
_917292
_3RU\NLR\AUTH\7734288
712 0 2 _4570
_aБрянский государственный университет им. И. Г. Петровского
_bЮридический факультет
_9596176
_3RU\NLR\AUTH\8810048061
801 0 _aRU
_bРГБ
_c20140804
_gRCR
801 1 _aRU
_bРГБ
_c20140804
_2rusmarc
942 _cBOOK
980 _aNBR